Name a Valid Year in History - Statistics

General Stats
  • This quiz has been taken 67,699 times
    57,196 since last reset
  • The average score is 10 of 18
Answer Stats
Name any year ... Year % Correct
During World War II 1939–1945
100%
The Apollo space program was active 1961–1972
95%
During the reign of Queen Victoria 1837–1901
80%
China hosted the Olympic games 2008 / 2022
78%
The Beatles were together as a band 1960–1970
77%
The world population was between 1 and 2 billion people 1804–1927
69%
Lenin was the de-facto leader of Russia 1917–1924
68%
Texas was an independent republic 1836–1845
56%
Abraham Lincoln was President of the U.S. 1861–1865
56%
Genghis Khan was alive 1160–1227
55%
The Black Death swept through Europe 1346–1353
42%
Charlemagne was alive 742–814
42%
Muhammad was alive 570–632
39%
The Caribbean pirate Blackbeard was alive 1680–1718
37%
Cape Town was a Dutch possession 1652–1795 1803–1806
35%
The Colosseum was under construction 72–96
30%
The War of the Roses was happening 1455–1487
29%
During the Three Kingdoms period in China 220–280
11%
No matching quizzes found
Score Distribution
Percent of People with Each Score
Percentile by Number Answered
Your Score History
You have not taken this quiz since the last reset